000 00648nam a2200229Ia 4500
003 OSt
005 20220923230557.0
006 a|||||r|||| 00| 0
007 ta
008 Pun
024 _a283,341
037 _cTextual
040 _aARTS
_cARTS
_bPun
041 _2Pun
_aPun
082 _aO153,3N403,NV, M7
100 _aਸਹਿਗਲ, ਗੁਰਮੁਖ ਸਿੰਘ
245 0 _aਨਦੀਓ੍ਵ ਵਿੱਛੜੇ ਨੀਰ
260 _c1987
650 _aਪੰਜਾਬੀ ਸਾਹਿਤ
942 _hO153,3N403,NV, M7
_cTEXL
_2CC
999 _c385829
_d385829